Optimal control

Na minha lista:
Detalhes bibliográficos
Autor principal: Oldenburger, Rufus (Author)
Formato: Livro
Idioma:inglês
Publicado em: Nueva York Holt, Rinehart and Winston 1966
Assuntos:
Tags: Adicionar Tag
Sem tags, seja o primeiro a adicionar uma tag!

MARC

LEADER 00000nam a2200000 a 4500
001 UCU5026
003 CL-VaPUC
008 960531e19660000US |||||||||||||||||eng|d
082 0 4 |a 629.831  |b OLD  |2 21 
100 0 |a Oldenburger, Rufus  |e author  |9 362877 
245 1 0 |a Optimal control 
300 |a 242 p 
942 |c BK 
945 |d 19960531 00:00:00  |a cmena 
260 |a Nueva York  |b Holt, Rinehart and Winston  |c 1966 
650 0 |a Teoría de control  |9 336624 
650 0 |a Automatización   |9 299909 
650 0 |a Cibernética  |9 270269 
650 7 |a CONTROL DE SISTEMAS  |2 CL-VaPUC  |9 352951 
650 0 |a Ingeniería de sistemas   |9 261019 
583 |a last modification  |c 19960531 00:00:00  |k Rodrigo Vera 
999 |c 248540  |d 248538 
952 |0 0  |1 0  |4 0  |6 629_831000000000000_OLD_1966  |7 0  |8 A  |9 265225  |a BIBING  |b BIBING  |d 2019-11-19  |i 1668366  |o 629.831 OLD 1966  |p 1668366  |r 2025-01-20  |w 2019-11-19  |y BK  |k ING